Phương pháp 3 tri thức về tri thức : Nhân học về tri thức

সংরক্ষণ করুন:
গ্রন্থ-পঞ্জীর বিবরন
প্রধান লেখক: Morin, Edgar
বিন্যাস: গ্রন্থ
ভাষা:Undetermined
প্রকাশিত: Hà Nội Đại học Quốc gia Hà Nội 2006
বিষয়গুলি:
ট্যাগগুলো: ট্যাগ যুক্ত করুন
কোনো ট্যাগ নেই, প্রথমজন হিসাবে ট্যাগ করুন!
Thư viện lưu trữ: Trung tâm Học liệu Trường Đại học Cần Thơ
LEADER 00662nam a2200193Ia 4500
001 CTU_103581
008 210402s9999 xx 000 0 und d
082 |a 121 
082 |b M858 
100 |a Morin, Edgar 
245 0 |a Phương pháp 3 tri thức về tri thức : 
245 0 |b Nhân học về tri thức 
245 0 |c Edgar Morin ; Lê Diên dịch ; Phạm Khiêm Ích biên tập & giới thiệu 
260 |a Hà Nội 
260 |b Đại học Quốc gia Hà Nội 
260 |c 2006 
650 |a Epistemology,Theory of knowledge 
904 |i Hiếu 
980 |a Trung tâm Học liệu Trường Đại học Cần Thơ